000 00345nam a2200121Ia 4500
008 240731s9999 xx 000 0 und d
022 _a1754-3274
245 0 _aInternational Journal of Fashion Design, Technology and Education
260 _bTaylor & Francis
856 _uhttps://www.tandfonline.com/loi/tfdt20
942 _2ddc
942 _cTFEJ
999 _c77097
_d77097
945 _a1
_bMadushi Gamage
_c1
_dMadushi Gamage